000 00307nam a2200133Ia 4500
100 _aLee/Lamar & Dobler/D.W
942 _cBK
654 _aManagement
245 _aPurchasing & Materials Management
260 _bTata Mc Graw hill
_aNewDelhi
_c1974
082 _a658.7
300 _a850
546 _aENGLISH
999 _c32441
_d32441